| 000 | 00417 a2200145 4500 | ||
|---|---|---|---|
| 005 | 20250709081111.0 | ||
| 020 | _a978-0-226-82586-1 | ||
| 082 | _a796.332 CAR | ||
| 100 | _aCARROL, B. | ||
| 245 | _aThe Hidden Game of Football: A Revolutionary Approach to the Game and Its Statistics | ||
| 260 |
_aChicago _bThe University of Chicago Press _c2023. |
||
| 300 |
_a415p. _c24cm |
||
| 700 | _aJohn Thorn | ||
| 942 |
_2ddc _cBKS |
||
| 999 |
_c6633 _d6633 |
||